000
00209 a2200097 4500
001
38720
100
_a
Bahadar Shah
245
_a
Kulyaat Zafar
260
_a
Lahore
_b
Sang-e-Meel
_c
1994
090
_c
24540
_d
24540
942
_a
NUST-CAE
_c
M
_c
16159
999
_c
273793
_d
273793